Normal view
MARC view
- BOUNDY
Entry Personal Name
001 - CONTROL NUMBER
- control field: 82666
003 - CONTROL NUMBER IDENTIFIER
- control field: NUST
005 - DATE AND TIME OF LATEST TRANSACTION
- control field: 20210923121804.0
008 - FIXED-LENGTH DATA ELEMENTS
- fixed length control field: 210923|| aca||aabn | a|a d
040 ## - CATALOGING SOURCE
- Original cataloging agency: NUST
- Transcribing agency: NUST
100 ## - HEADING--PERSONAL NAME
- Personal name: BOUNDY
670 ## - SOURCE DATA FOUND
- Source citation: Work cat.: (NUST)31734: BOUNDY, Engineering Drawing , 2007.
